00753cam a22002172 4500001001100000005001700011008004100028020002800069040001500097050002100112100002700133245008200160250001200242260004900254300002600303500003500329500006400364650003300428700004100461700003300502000000382920151217151935.0070515s xx 000 0 eng d a0486659844 :cGBP 16.95 aKABUcKABU 0aQC776b.B67 19891 aBorn, Max.@000015402110aAtomic physics /cMax Born; revised by R. J. Blin-Stoyle and J. M. Radcliffe. a8th ed. aNew York :bDover Publications, Inc.,c1989. axiv, 495 p. ;c22 cm. aTranslation of Moderne Physik. aIncludes bibliographical references (p. 477-481) and index. 0aNuclear physics.@00001540221 aBlin-Stoyle, Roger John.@00001540231 aRadcliffe, J. M.@0000154024